Sustainability and the wealth of nations (Registro nro. 2471)
[ vista simple ]
| 000 -CABECERA | |
|---|---|
| Longitud fija campo de control | 01304nam a2200361 c 4500 |
| 001 - NÚMERO DE CONTROL | |
| Número de control | 2471 |
| 003 - IDENTIFICADOR DE NÚMERO DE CONTROL | |
| Identificador del número de control | ES-MaCES |
| 005 - FECHA Y HORA DE LA ÚLTIMA TRANSACCIÓN | |
| Fecha y hora de la última transacción | 20170201120439.0 |
| 008 - CAMPO FIJO DE DESCRIPCIÓN FIJA--INFORMACIÓN GENERAL | |
| Códigos de información de longitud fija | 970424s1996 xxu ||| | eng d |
| 020 ## - ISBN (INTERNATIONAL STANDARD BOOK NUMBER) | |
| Número Internacional Normalizado para Libros (ISBN) | 0821335510 |
| 035 ## - NÚMERO DE CONTROL DEL SISTEMA | |
| Número de control del sistema | CES19980024905m |
| 040 ## - FUENTE DE CATALOGACIÓN | |
| Centro catalogador de origen | ES-MaCES |
| Lengua de catalogación | spa |
| Centro transcriptor | ES-MaCES |
| 100 1# - ENCABEZAMIENTO PRINCIPAL--NOMBRE PERSONAL | |
| Nombre de persona | Serageldin, Ismail |
| 9 (RLIN) | 23869 |
| 245 10 - MENCIÓN DE TÍTULO | |
| Título | Sustainability and the wealth of nations |
| Resto del título | : first steps in an ongoing journey |
| Mención de responsabilidad, etc. | Ismail Serageldin |
| 250 ## - MENCIÓN DE EDICIÓN | |
| Mención de edición | 1st printing |
| 260 ## - PUBLICACIÓN, DISTRIBUCIÓN, ETC (PIE DE IMPRENTA) | |
| Lugar de publicación, distribución, etc. | Washington D.C. |
| Nombre del editor, distribuidor, etc. | World Bank |
| Fecha de publicación, distribución, etc. | 1996 |
| 300 ## - DESCRIPCIÓN FÍSICA | |
| Extensión | V, 21 p. |
| Dimensiones | 28 cm |
| 490 1# - MENCIÓN DE SERIE | |
| Mención de serie | ESD studies and monographs series |
| Designación de volumen o secuencia | 5 |
| 500 ## - NOTA GENERAL | |
| Nota general | Documento distribuído en el 'World Bank's Third Annual International Conference on Environmentally Sustainable, October 1995 |
| 541 ## - NOTA DE LA FUENTE INMEDIANTE DE ADQUISICIÓN | |
| Forma de adquisición | Compra |
| 650 #4 - ASIENTO SECUNDARIO DE MATERIA--TÉRMINO DE MATERIA | |
| Término de materia o nombre geográfico como elemento inicial | desarrollo económico |
| 9 (RLIN) | 27093 |
| 650 #4 - ASIENTO SECUNDARIO DE MATERIA--TÉRMINO DE MATERIA | |
| Término de materia o nombre geográfico como elemento inicial | riqueza |
| 9 (RLIN) | 29375 |
| 650 #4 - ASIENTO SECUNDARIO DE MATERIA--TÉRMINO DE MATERIA | |
| Término de materia o nombre geográfico como elemento inicial | desarrollo sostenible |
| 9 (RLIN) | 30785 |
| 650 #4 - ASIENTO SECUNDARIO DE MATERIA--TÉRMINO DE MATERIA | |
| Término de materia o nombre geográfico como elemento inicial | protección ambiental |
| 9 (RLIN) | 29423 |
| 650 #4 - ASIENTO SECUNDARIO DE MATERIA--TÉRMINO DE MATERIA | |
| Término de materia o nombre geográfico como elemento inicial | pub NU |
| 9 (RLIN) | 29169 |
| 653 10 - TÉRMINO DE INDEXACIÓN--NO CONTROLADO | |
| Término no controlado | Medio ambiente |
| 711 2# - ENCABEZAMIENTO SECUNDARIO--NOMBRE DE REUNIÓN | |
| Nombre de congreso o nombre de jurisdicción como elemento inicial | International Conference on Environmentally Sustainable |
| Número del congreso o número de parte o sección de la obra | 3ª |
| Fecha del congreso | 1995 |
| 9 (RLIN) | 81 |
| 710 2# - ENCABEZAMIENTO SECUNDARIO--NOMBRE CORPORATIVO | |
| 9 (RLIN) | 1604 |
| Nombre de entidad o nombre de jurisdicción como elemento inicial | Banco Mundial |
| Término indicativo de función | ed. |
| 830 #0 - ENCABEZAMIENTO SECUNDARIO DE COLECCIÓN--TÍTULO UNIFORME | |
| Título uniforme | ESD studies and monographs series (World Bank) |
| Designación de volumen o secuencia | 5 |
| 9 (RLIN) | 32476 |
| 902 ## - CES. TIPO DE DOCUMENTO | |
| Tipodoc (006$c Sirtex) | DOC Literatura gris |
| 942 ## - ELEMENTOS KOHA | |
| Fuente de clasificaión o esquema | Clasificación propia del CES |
| Koha [por defecto] tipo de item | Monografías |
| Parte de clasificación | 4.2. |
| Número de registro | Signatura completa | Tipo de item de Koha |
|---|---|---|
| 007307 | DOC-4.2.-50 | Monografías |
